<?xml version="1.0" encoding="UTF-8"?>
<record
    xmlns:xsi="http://www.w3.org/2001/XMLSchema-instance"
    xsi:schemaLocation="http://www.loc.gov/MARC21/slim http://www.loc.gov/standards/marcxml/schema/MARC21slim.xsd"
    xmlns="http://www.loc.gov/MARC21/slim">

  <leader>00680nam a2200205 a 4500</leader>
  <controlfield tag="001">639</controlfield>
  <controlfield tag="003">CDMR</controlfield>
  <controlfield tag="005">20131126104251.0</controlfield>
  <controlfield tag="008">130130s1982||||||||||||||||||||||||||||d</controlfield>
  <datafield tag="020" ind1=" " ind2=" ">
    <subfield code="a">8433101676</subfield>
  </datafield>
  <datafield tag="040" ind1=" " ind2=" ">
    <subfield code="a">CDMR</subfield>
    <subfield code="b">cat</subfield>
    <subfield code="c">CDMR</subfield>
  </datafield>
  <datafield tag="100" ind1="1" ind2=" ">
    <subfield code="a">Rotger Amengual, Bartolom&#xE9;</subfield>
    <subfield code="9">483</subfield>
  </datafield>
  <datafield tag="245" ind1="1" ind2="0">
    <subfield code="a">C&#xF3;mo leer la prensa escrita</subfield>
    <subfield code="b">: did&#xE1;ctica y fichas pr&#xE1;cticas para EGB, Bachillerato y FP</subfield>
    <subfield code="c">Bartolom&#xE9; Rotger Amengual, Joana M&#xAA; Roque Company</subfield>
  </datafield>
  <datafield tag="260" ind1=" " ind2=" ">
    <subfield code="a">Madrid</subfield>
    <subfield code="c">1982</subfield>
    <subfield code="b">Escuela Espa&#xF1;ola</subfield>
  </datafield>
  <datafield tag="300" ind1=" " ind2=" ">
    <subfield code="a">155 p.</subfield>
  </datafield>
  <datafield tag="650" ind1="0" ind2="4">
    <subfield code="9">2266</subfield>
    <subfield code="a">Periodisme</subfield>
    <subfield code="x">Ensenyament</subfield>
    <subfield code="z">Espanya</subfield>
  </datafield>
  <datafield tag="650" ind1="0" ind2="4">
    <subfield code="9">4374</subfield>
    <subfield code="a">Periodisme</subfield>
    <subfield code="x">Manuals, guies, etc</subfield>
  </datafield>
  <datafield tag="650" ind1="0" ind2="4">
    <subfield code="9">4387</subfield>
    <subfield code="a">Premsa i educaci&#xF3;</subfield>
  </datafield>
  <datafield tag="942" ind1=" " ind2=" ">
    <subfield code="c">MON</subfield>
    <subfield code="2">udc</subfield>
  </datafield>
  <datafield tag="999" ind1=" " ind2=" ">
    <subfield code="c">639</subfield>
    <subfield code="d">639</subfield>
  </datafield>
  <datafield tag="952" ind1=" " ind2=" ">
    <subfield code="0">0</subfield>
    <subfield code="1">0</subfield>
    <subfield code="4">0</subfield>
    <subfield code="7">0</subfield>
    <subfield code="a">CDMR</subfield>
    <subfield code="b">CDMR</subfield>
    <subfield code="d">2013-01-16</subfield>
    <subfield code="l">1</subfield>
    <subfield code="m">1</subfield>
    <subfield code="o">Da 6/1</subfield>
    <subfield code="p">CDMR13110102</subfield>
    <subfield code="r">2016-06-02</subfield>
    <subfield code="s">2016-05-09</subfield>
    <subfield code="w">2013-01-16</subfield>
    <subfield code="y">MON</subfield>
  </datafield>
</record>
